| 000 | 00828nam a22001937a 4500 | ||
|---|---|---|---|
| 005 | 20141105120826.0 | ||
| 008 | 140310b2013 ck |||||r|||| 00| 0 spa d | ||
| 020 | _a9789585797420 | ||
| 041 | _aspa | ||
| 044 | _ack | ||
| 082 |
_a664.94 _bA926d |
||
| 110 | 1 | 0 |
_aAutoridad Nacional de Acuicultura y Pesca - AUNAP _928328 |
| 245 | 1 | 0 | _aDesarrollo de estrategias para el incremento del consumo de pescados y mariscos provenientes de la acuicultura de Colombia, como alternativa viable de comercialización en el mercado doméstico |
| 260 |
_aBogotá _bAutoridad Nacional de Acuicultura y Pesca - AUNAP _bMinisterio de Agricultura y Desarrollo Rural _bFAO _bFedeacua _c2013 |
||
| 300 |
_a127 p. _btablas _c28 cm. |
||
| 650 | 4 |
_aConsumo de pescado _zColombia _928329 |
|
| 650 | 4 |
_aPescado _zColombia _xcomercio _928330 |
|
| 942 |
_2ddc _cLIBRO |
||
| 999 |
_c8249 _d8249 |
||